000
00325nam a2200133Ia 4500
008
240624s9999 xx 000 0 und d
041
_a
eng
082
_a
050 MM
100
_a
MALAYALA MANORAMA
245
_a
MANORAMA YEARBOOK 2016
250
_a
(51th ed.)
260
_c
2016
_a
New Delhi
_b
Malayala Manorama
365
_c
RS
_b
30
999
_c
27140
_d
27140